[Event "13sen.WMH 2003 Senioren"]
[Site "Bad Zwischenahn(17.11.-29.11.2003)"]
[Date "2003.11.29"]
[Round "8"]
[White "Weller, Friedhelm"]
[Black "Bardin, Christian"]
[Result "0-1"]
[WhiteElo "1704"]
[BlackElo "1763"]
[PlyCount "128"]


1. e4 d5 2. exd5 Nf6 3. Nf3 Nxd5 4. d4 Bf5 5. a3 e6 6. Bd3 Bxd3 7. Qxd3 Be7 8.
O-O Nc6 9. Re1 O-O 10. c4 Nb6 11. b4 Bf6 12. c5 Nxd4 13. Ne5 Nd7 14. f4 Nxe5
15. fxe5 Be7 16. Rd1 Nc6 17. Qe2 Qe8 18. Bb2 Rd8 19. Rxd8 Qxd8 20. Nd2 Qd5 21.
Nf3 Rd8 22. Rf1 Qd3 23. Qf2 Qg6 24. h3 f5 25. Qe2 a6 26. Rd1 Qe8 27. Bd4 Rd5
28. Bf2 Qd8 29. Rf1 Rd3 30. Qb2 Qd5 31. Qa1 Qb3 32. Rb1 Qxa3 33. Qxa3 Rxa3 34.
b5 axb5 35. Rxb5 Ra1+ 36. Kh2 Ra7 37. Be3 Kf7 38. h4 h6 39. Kg3 Kg6 40. Kf2 h5
41. Kg3 Bd8 42. Kh3 Be7 43. Rb2 Ra3 44. Bf4 Bxc5 45. Rxb7 Bb6 46. Kh2 Ra7 47.
Rxa7 Bxa7 48. Bd2 Nd8 49. Bb4 c5 50. Ba5 Nf7 51. Bc3 Bb8 52. Kg3 Bc7 53. Kf4
Bd8 54. g3 Nh6 55. Nd2 Ng4 56. Nb3 Bb6 57. Nd2 Nf2 58. Nc4 Bc7 59. Bd2 Nd3+ 60.
Kf3 Nxe5+ 61. Nxe5+ Bxe5 62. Bf4 Bxf4 63. gxf4 Kf6 64. Ke3 e5 0-1

[Event "13sen.WMH 2003 Senioren"]
[Site "Bad Zwischenahn(17.11.-29.11.2003)"]
[Date "2003.11.29"]
[Round "8"]
[White "Werl, Wolfgang"]
[Black "Peleikis, Horst"]
[Result "1/2-1/2"]
[WhiteElo "1758"]
[BlackElo "1916"]
[PlyCount "24"]


1. d4 Nf6 2. Nf3 g6 3. Bf4 d6 4. c3 Bg7 5. e3 Nbd7 6. Nbd2 b6 7. Be2 Bb7 8. Rc1
O-O 9. h3 c5 10. O-O Re8 11. Qa4 e5 12. dxe5 dxe5 1/2-1/2

[Event "13sen.WMH 2003 Senioren"]
[Site "Bad Zwischenahn(17.11.-29.11.2003)"]
[Date "2003.11.29"]
[Round "8"]
[White "Wernitz, Armin"]
[Black "Heinemann, Klaus-Detlef"]
[Result "0-1"]
[WhiteElo "1456"]
[BlackElo "1415"]
[PlyCount "88"]


1. e4 Nf6 2. Nc3 c6 3. d4 d6 4. g3 Bg4 5. Qd3 Be6 6. Bg2 d5 7. e5 Nfd7 8. f4 g6
9. h3 Bf5 10. Qe2 h5 11. Nf3 e6 12. Be3 a6 13. Nh4 Nb6 14. b3 Ba3 15. Nxf5 gxf5
16. Rd1 N8d7 17. Bf3 h4 18. g4 fxg4 19. Bxg4 Qe7 20. Bd2 Bb2 21. f5 O-O-O 22.
f6 Qf8 23. Rb1 Bxc3 24. Bxc3 Kb8 25. O-O c5 26. dxc5 Qxc5+ 27. Kh1 Qxc3 28. Rf3
Qxe5 29. Qf2 Rc8 30. Re1 Qd6 31. Rd3 Ne5 32. Qf4 Nbd7 33. c4 Qc7 34. Rc3 Nxg4
35. Qxg4 Nxf6 36. Qf3 Ne4 37. Rcc1 Ng3+ 38. Kg1 Qc5+ 39. Kh2 Qd6 40. Kg1 Nf5
41. Re2 Nd4 42. Qf2 Nxe2+ 43. Qxe2 Qg3+ 44. Qg2 Qe3+ 0-1

[Event "13sen.WMH 2003 Senioren"]
[Site "Bad Zwischenahn(17.11.-29.11.2003)"]
[Date "2003.11.29"]
[Round "8"]
[White "Wiesner, Werner"]
[Black "Schlag, Franz"]
[Result "1-0"]
[WhiteElo "2031"]
[BlackElo "1976"]
[PlyCount "103"]


1. e4 Nc6 2. Nf3 Nf6 3. Nc3 d6 4. d4 Bg4 5. Be3 a6 6. a3 g6 7. Be2 Bg7 8. h3
Bxf3 9. Bxf3 O-O 10. Qd2 Rb8 11. O-O Nd7 12. b4 e5 13. d5 Ne7 14. Bh6 f5 15.
Bxg7 Kxg7 16. Be2 f4 17. f3 g5 18. Rfc1 Ng6 19. Nd1 Ra8 20. c4 b6 21. Nf2 Qe7
22. Nd3 Rfb8 23. Ra2 Ra7 24. Rac2 a5 25. Kh2 h5 26. c5 g4 27. fxg4 hxg4 28.
Bxg4 Nf6 29. Nf2 Nxg4+ 30. Nxg4 axb4 31. axb4 bxc5 32. bxc5 Rb3 33. cxd6 cxd6
34. Rc8 Nh4 35. Qc2 Rg3 36. Rg1 Rxg2+ 37. Qxg2 Nxg2 38. Rxg2 Kh7 39. Re8 Qh4
40. Re6 Rf7 41. Rxd6 f3 42. Rh6+ Qxh6 43. Nxh6 Kxh6 44. Rf2 Rf4 45. Kg3 Rxe4
46. Rd2 Re2 47. Rxe2 fxe2 48. Kf2 e1=Q+ 49. Kxe1 Kg5 50. Ke2 Kf5 51. h4 e4 52.
h5 1-0

[Event "13sen.WMH 2003 Senioren"]
[Site "Bad Zwischenahn(17.11.-29.11.2003)"]
[Date "2003.11.29"]
[Round "8"]
[White "Winiwarter, Felix,Dr."]
[Black "Hirsch, Adolf,jr.[40AUT]"]
[Result "1-0"]
[WhiteElo "2244"]
[BlackElo "2042"]
[PlyCount "51"]


1. d4 Nf6 2. c4 g6 3. Nc3 d5 4. cxd5 Nxd5 5. e4 Nxc3 6. bxc3 Bg7 7. Bc4 c5 8.
Ne2 O-O 9. Be3 cxd4 10. cxd4 Nc6 11. Rc1 e6 12. O-O Na5 13. Bd3 b6 14. Qd2 Bb7
15. Bh6 Qd7 16. Bxg7 Kxg7 17. Qf4 Rfc8 18. e5 Qd8 19. h4 Rxc1 20. Rxc1 Rc8 21.
Rxc8 Bxc8 22. h5 Bb7 23. Qg4 Bd5 24. Nf4 f5 25. exf6+ Qxf6 26. hxg6 1-0

[Event "13sen.WMH 2003 Senioren"]
[Site "Bad Zwischenahn(17.11.-29.11.2003)"]
[Date "2003.11.29"]
[Round "8"]
[White "Wolffram, Gert"]
[Black "Petzold, Rolf"]
[Result "1/2-1/2"]
[WhiteElo "1794"]
[BlackElo "1639"]
[PlyCount "51"]


1. d4 d5 2. Nf3 Nf6 3. e3 Bg4 4. Be2 e6 5. O-O Bd6 6. c4 c6 7. Nc3 O-O 8. c5
Bc7 9. b4 Ne4 10. Bb2 Nd7 11. Nxe4 dxe4 12. Ne5 Bxe2 13. Qxe2 f5 14. Nxd7 Qxd7
15. f4 exf3 16. Rxf3 Qd5 17. a4 a6 18. Bc3 Rae8 19. Raf1 Rf7 20. e4 Qd7 21. e5
g5 22. g4 f4 23. Qe4 Qd5 24. Qxd5 exd5 25. h4 h6 26. Kg2 1/2-1/2

[Event "13sen.WMH 2003 Senioren"]
[Site "Bad Zwischenahn(17.11.-29.11.2003)"]
[Date "2003.11.29"]
[Round "8"]
[White "Wulf, Adalbert"]
[Black "Kanko, Ilkka"]
[Result "0-1"]
[WhiteElo "1800"]
[BlackElo "2264"]
[PlyCount "44"]


1. d4 Nf6 2. c4 e6 3. Bg5 c5 4. d5 exd5 5. cxd5 d6 6. Nc3 Be7 7. Bd2 O-O 8. e4
a6 9. a4 Re8 10. Bd3 Bf8 11. Nge2 Nbd7 12. f4 c4 13. Bxc4 Nxe4 14. Nxe4 Rxe4
15. Bd3 Re8 16. O-O Qb6+ 17. Kh1 Nc5 18. Bc4 Bg4 19. b4 Ne4 20. Be1 Rac8 21.
Qb3 Rxc4 22. Qxc4 Bxe2 0-1

[Event "13sen.WMH 2003 Senioren"]
[Site "Bad Zwischenahn(17.11.-29.11.2003)"]
[Date "2003.11.29"]
[Round "8"]
[White "Zhelesny, Stanislaw"]
[Black "Ahlberg, Guenter"]
[Result "1-0"]
[WhiteElo "2228"]
[BlackElo "1932"]
[PlyCount "73"]


1. Nf3 c6 2. d4 d5 3. g3 Bg4 4. Bg2 Nd7 5. Nbd2 Ngf6 6. O-O e6 7. c4 Be7 8.
cxd5 cxd5 9. h3 Bh5 10. Ne5 Nxe5 11. dxe5 Nd7 12. f4 f6 13. exf6 Nxf6 14. Qa4+
Qd7 15. Qxd7+ Nxd7 16. e4 d4 17. g4 Bf7 18. e5 O-O-O 19. Nb3 Nc5 20. Na5 Rd7
21. Bd2 Kb8 22. b4 Nd3 23. Rab1 Bd8 24. Nxb7 Rxb7 25. Be4 Bg6 26. f5 Rb6 27.
Bxd3 Bf7 28. a4 Bc7 29. Rfe1 Rc6 30. a5 h5 31. b5 Rc5 32. b6 axb6 33. axb6 Bd8
34. Bb4 Be7 35. Bxc5 Bxc5 36. Rec1 Rc8 37. Rb5 1-0

[Event "13sen.WMH 2003 Senioren"]
[Site "Bad Zwischenahn(17.11.-29.11.2003)"]
[Date "2003.11.29"]
[Round "8"]
[White "Zschorsch, Peter"]
[Black "Ristic, Sreten"]
[Result "0-1"]
[WhiteElo "1837"]
[BlackElo "1772"]
[PlyCount "76"]


1. d4 c5 2. d5 d6 3. c4 Na6 4. e4 g6 5. Bd2 e5 6. Bd3 Bg7 7. Nc3 Nc7 8. Nf3 Ne7
9. Qc2 a6 10. h4 h5 11. a3 Bd7 12. b4 cxb4 13. axb4 b6 14. Be3 Rb8 15. Ra2 O-O
16. c5 bxc5 17. bxc5 Nc8 18. c6 Bg4 19. Nd2 Ne7 20. f3 Bc8 21. Rb2 Ra8 22. Qb3
f5 23. Bg5 Bf6 24. exf5 gxf5 25. Be2 Ng6 26. Bxf6 Qxf6 27. g3 Rf7 28. Nc4 Nb5
29. Nb6 Rb8 30. Nxc8 Rxc8 31. Nxb5 axb5 32. Qc3 f4 33. Rg1 fxg3 34. Rxg3 Qxh4
35. Kf2 Rg7 36. Rb1 Nf4 37. Rbg1 Rxg3 38. Rxg3+ Qxg3+ 0-1

[Event "13sen.WMH 2003 Senioren"]
[Site "Bad Zwischenahn(17.11.-29.11.2003)"]
[Date "2003.??.??"]
[Round "8.1"]
[White "Asmundsson, Ingvar"]
[Black "Chepukaitis, Genrikh"]
[Result "1-0"]
[WhiteElo "2402"]
[BlackElo "2420"]
[PlyCount "138"]


1. e4 g6 2. d4 Bg7 3. Nc3 d6 4. f4 a6 5. Nf3 b5 6. Bd3 Nd7 7. e5 f5 8. a4 b4 9.
Ne2 e6 10. c3 Rb8 11. a5 Ne7 12. O-O h6 13. Ng3 O-O 14. Qe2 dxe5 15. Nxe5 Nxe5
16. dxe5 bxc3 17. bxc3 Nd5 18. Bxa6 Nxc3 19. Qc4 Bxa6 20. Qxe6+ Kh7 21. Qxa6
Qd5 22. Qa7 c5 23. Be3 Rfc8 24. a6 Rb2 25. Rf2 Rxf2 26. Bxf2 Nd1 27. Qb7 Qd2
28. Qf3 Nxf2 29. Qxf2 Qd5 30. h4 h5 31. Ne2 Bf8 32. g3 c4 33. Qg2 Qd7 34. Kh1
Rc7 35. Nc3 Ra7 36. Qd5 Qc8 37. Qb5 Qa8+ 38. Nd5 c3 39. Kh2 c2 40. Nf6+ Kh6 41.
Qc4 Bg7 42. Qxc2 Rxa6 43. Rxa6 Qxa6 44. Nd5 Bf8 45. Ne3 Qa3 46. Qe2 Bc5 47. Ng2
Bb4 48. Ne1 Bxe1 49. Qxe1 Qa2+ 50. Kg1 Qe6 51. Qc3 Kg7 52. Kf2 Qb6+ 53. Ke2 Kf7
54. Kd3 Ke7 55. Kc4 Qg1 56. Kd5 Qg2+ 57. Kc5 Qb7 58. Qa3 Ke6 59. Qd3 Qc7+ 60.
Kb5 Qb7+ 61. Ka5 Qc7+ 62. Kb4 Qe7+ 63. Kb3 Qb7+ 64. Kc3 Qb6 65. Qc4+ Kd7 66.
Qf7+ Kc8 67. Qc4+ Kd7 68. Qf7+ Kd8 69. Qf6+ Kd7 1-0

[Event "13sen.WMH 2003 Senioren"]
[Site "Bad Zwischenahn(17.11.-29.11.2003)"]
[Date "2003.??.??"]
[Round "8.2"]
[White "Shabanov, Yuri"]
[Black "Rahls, Peter"]
[Result "1-0"]
[WhiteElo "2443"]
[BlackElo "2331"]
[PlyCount "71"]


1. e4 c5 2. Nc3 e6 3. g3 d5 4. exd5 exd5 5. Bg2 Nf6 6. Nge2 d4 7. Ne4 Nxe4 8.
Bxe4 Bd6 9. d3 O-O 10. O-O Nd7 11. Nf4 Nf6 12. Bf3 Qb6 13. Re1 Bd7 14. Nd5 Nxd5
15. Bxd5 Rae8 16. Rxe8 Rxe8 17. Bd2 Be6 18. Bb3 Qc6 19. Qf1 b5 20. Re1 Bd7 21.
Rxe8+ Bxe8 22. Qe2 Bd7 23. c3 c4 24. dxc4 Bh3 25. f3 dxc3 26. bxc3 bxc4 27.
Bxc4 Qb6+ 28. Kh1 Kf8 29. Bb3 Be7 30. Qe4 Ba3 31. Be3 Qd8 32. Bd4 Kg8 33. Bc2
f5 34. Qe6+ Kh8 35. Qf7 Bf8 36. Bb3 1-0

[Event "13sen.WMH 2003 Senioren"]
[Site "Bad Zwischenahn(17.11.-29.11.2003)"]
[Date "2003.??.??"]
[Round "8.3"]
[White "Klovans, Janis"]
[Black "Hermann, Manfred[42Oldenb]"]
[Result "1-0"]
[WhiteElo "2465"]
[BlackElo "2281"]
[PlyCount "113"]


1. e4 e5 2. Nf3 Nc6 3. Bb5 f5 4. Nc3 Nd4 5. exf5 Nf6 6. Nxe5 c6 7. Be2 Qe7 8.
Nc4 d5 9. Ne3 Qf7 10. b3 Bd6 11. Bb2 Nxf5 12. Nxf5 Bxf5 13. Bf3 O-O-O 14. Ne2
Rde8 15. O-O h5 16. Ng3 Bd7 17. Re1 Rxe1+ 18. Qxe1 h4 19. Nf1 Re8 20. Qd1 h3
21. g3 Ne4 22. Bxe4 Rxe4 23. Ne3 d4 24. Nc4 Bc5 25. d3 Bg4 26. Qf1 Re6 27. b4
Bxb4 28. Bxd4 b5 29. Ne3 Qf3 30. c3 Bf8 31. Nxg4 Qxg4 32. Re1 c5 33. Rxe6 Qxe6
34. Be3 Kb7 35. Qe2 Qd5 36. f3 a5 37. Kf2 Qf7 38. Bf4 a4 39. Qe4+ Kb6 40. c4 b4
41. Qa8 Qd7 42. Qxf8 Qd4+ 43. Ke2 Qb2+ 44. Bd2 Qe5+ 45. Kd1 Qa1+ 46. Bc1 Qd4
47. Qb8+ Ka6 48. Qb5+ Ka7 49. Qxa4+ Kb7 50. Ke2 Qg1 51. Qb5+ Ka7 52. Be3 Qxh2+
53. Bf2 Qg2 54. Qxc5+ Kb8 55. Qb6+ Kc8 56. c5 h2 57. c6 1-0

[Event "13sen.WMH 2003 Senioren"]
[Site "Bad Zwischenahn(17.11.-29.11.2003)"]
[Date "2003.??.??"]
[Round "8.4"]
[White "Litvinov, Vladimir"]
[Black "Uhlmann, Wolfgang"]
[Result "1-0"]
[WhiteElo "2370"]
[BlackElo "2393"]
[PlyCount "81"]


1. d4 Nf6 2. c4 g6 3. Nc3 Bg7 4. e4 O-O 5. Nf3 d6 6. Be2 e5 7. O-O Nc6 8. d5
Ne7 9. Ne1 Ne8 10. Be3 f5 11. f3 f4 12. Bf2 g5 13. c5 h5 14. Rc1 Rf6 15. Nb5
Rg6 16. cxd6 cxd6 17. Nxa7 Bd7 18. Qb3 g4 19. Bb6 Qb8 20. Bb5 Bxb5 21. Nxb5 Nc8
22. Bc7 Nxc7 23. Nxc7 Qa7+ 24. Kh1 Rb8 25. Ne6 Ne7 26. Rc7 Bf6 27. a4 Bh4 28.
Nc2 Kh8 29. Rd7 Qa8 30. Rxd6 Rc8 31. Na3 Qa5 32. Qd3 Ng8 33. Nc4 Rxc4 34. Qxc4
gxf3 35. Rxf3 Be7 36. Rd7 Qe1+ 37. Qf1 Qxe4 38. Qd3 Qxa4 39. Rf1 e4 40. Qc3+
Bf6 41. Qc7 1-0

[Event "13sen.WMH 2003 Senioren"]
[Site "Bad Zwischenahn(17.11.-29.11.2003)"]
[Date "2003.??.??"]
[Round "8.6"]
[White "Baumgartner, Heinz"]
[Black "Donchenko, Anatoli"]
[Result "0-1"]
[WhiteElo "2307"]
[BlackElo "2378"]
[PlyCount "90"]


1. Nf3 Nf6 2. g3 b5 3. Bg2 Bb7 4. O-O e6 5. c3 c5 6. Qb3 a6 7. a4 b4 8. d4 a5
9. Bg5 d5 10. dxc5 Bxc5 11. e4 dxe4 12. Nfd2 Qd3 13. cxb4 Qxb3 14. Nxb3 Bxb4
15. N3d2 Nbd7 16. Nc3 h6 17. Bxf6 Nxf6 18. Ndxe4 Nxe4 19. Nxe4 Ke7 20. Nc3 Bxg2
21. Kxg2 Rhd8 22. Rac1 Rac8 23. Nb5 Bd2 24. Rxc8 Rxc8 25. Rb1 f5 26. Kf3 Bb4
27. h4 g6 28. g4 fxg4+ 29. Kxg4 Rc4+ 30. Kg3 h5 31. f3 Kf6 32. b3 Rc2 33. Rd1
Bd2 34. Nd6 Bh6 35. Rd3 e5 36. Ne4+ Kf5 37. Ng5 Bxg5 38. hxg5 Kxg5 39. Rd5 h4+
40. Kh3 Kf4 41. Rxa5 Rc3 42. Rb5 Rxf3+ 43. Kh2 Rf2+ 44. Kg1 Ra2 45. a5 Kg3 0-1

[Event "13sen.WMH 2003 Senioren"]
[Site "Bad Zwischenahn(17.11.-29.11.2003)"]
[Date "2003.11.29"]
[Round "8.7"]
[White "Lieb, Harald"]
[Black "Hecht, Hans-Joachim"]
[Result "1/2-1/2"]
[WhiteElo "2273"]
[BlackElo "2384"]
[PlyCount "33"]


1. Nf3 Nf6 2. c4 e6 3. g3 Nc6 4. Bg2 d5 5. cxd5 exd5 6. O-O d4 7. d3 Be7 8. b3
Nd5 9. Bb2 Bf6 10. Nbd2 Bf5 11. Rc1 O-O 12. Ne4 Bxe4 13. dxe4 Nc3 14. Bxc3 dxc3
15. e5 Nxe5 16. Rxc3 Nxf3+ 17. Rxf3 1/2-1/2

[Event "13sen.WMH 2003 Senioren"]
[Site "Bad Zwischenahn(17.11.-29.11.2003)"]
[Date "2003.??.??"]
[Round "8.8"]
[White "Karl, Hans[35SUI]"]
[Black "Boehnisch, Manfred"]
[Result "0-1"]
[WhiteElo "2280"]
[BlackElo "2350"]
[PlyCount "98"]


1. e4 c6 2. d4 d5 3. e5 Bf5 4. c4 e6 5. a3 c5 6. Nf3 Nc6 7. cxd5 Qxd5 8. Nc3
Qd7 9. Be3 cxd4 10. Nxd4 Nxd4 11. Qxd4 Qxd4 12. Bxd4 a6 13. Be2 Ne7 14. f4 Nc6
15. Bb6 Be7 16. g4 Bc2 17. Rc1 Bb3 18. O-O g5 19. Ne4 gxf4 20. Rxf4 Nxe5 21.
Bd4 Ng6 22. Nf6+ Bxf6 23. Rxf6 O-O 24. Rc7 e5 25. Bc3 Bd5 26. Bc4 Bxc4 27. Rxc4
Rac8 28. Re4 Rfe8 29. g5 Rc7 30. h4 Rce7 31. Rf5 Re6 32. Kh2 b6 33. Kg3 h5 34.
gxh6 f6 35. Rg4 Kh7 36. Bd2 Rd8 37. Be3 Rd3 38. Kf2 e4 39. h5 Ne7 40. Rg7+ Kh8
41. Rxe7 Rxe7 42. Rxf6 Rc7 43. Bf4 Rc2+ 44. Ke1 Rh3 45. Be5 Kh7 46. Kd1 Rg2 47.
Rf1 Kxh6 48. Re1 Rh4 49. Bf6 Rhg4 0-1

[Event "13sen.WMH 2003 Senioren"]
[Site "Bad Zwischenahn(17.11.-29.11.2003)"]
[Date "2003.??.??"]
[Round "8.9"]
[White "Bukal, Vladimir"]
[Black "Chehlov, Alexander"]
[Result "1-0"]
[WhiteElo "2428"]
[BlackElo "2246"]
[PlyCount "85"]


1. c4 c5 2. Nc3 Nc6 3. Nf3 g6 4. e3 Bg7 5. d4 Nf6 6. d5 Nb8 7. e4 d6 8. h3 O-O
9. Bf4 b5 10. e5 dxe5 11. Nxe5 Qa5 12. cxb5 a6 13. Nc4 Qd8 14. b6 Bb7 15. Bc7
Qc8 16. Be2 Ne8 17. Bh2 Qd8 18. Bf3 Nd6 19. Bxd6 exd6 20. Ne4 Re8 21. O-O Bf8
22. Re1 Rxe4 23. Rxe4 Nd7 24. Qd2 Nxb6 25. Nxb6 Qxb6 26. Rae1 Qb5 27. Be2 Qd7
28. Bc4 Rb8 29. b3 h6 30. Qe2 Qf5 31. Qg4 Bxd5 32. Qxf5 gxf5 33. Re8 Rxe8 34.
Rxe8 Be4 35. f3 Bc6 36. Rc8 Bd7 37. Ra8 Be6 38. Bxe6 fxe6 39. a4 Kf7 40. Rxa6
d5 41. a5 e5 42. Rc6 d4 43. a6 1-0

[Event "13sen.WMH 2003 Senioren"]
[Site "Bad Zwischenahn(17.11.-29.11.2003)"]
[Date "2003.??.??"]
[Round "8.11"]
[White "Hohler, Peter"]
[Black "Katalymov, Boris"]
[Result "0-1"]
[WhiteElo "2168"]
[BlackElo "2381"]
[PlyCount "112"]


1. c4 e5 2. Nc3 d6 3. d4 exd4 4. Qxd4 Nc6 5. Qd2 g6 6. b3 Bh6 7. e3 Nf6 8. Nf3
O-O 9. Be2 a5 10. Bb2 Re8 11. O-O Ng4 12. Nd5 a4 13. Qc3 Nce5 14. Nxe5 dxe5 15.
Rad1 c6 16. h3 Nxf2 17. Rxf2 cxd5 18. Rxd5 Qg5 19. Rf3 axb3 20. axb3 Bg7 21. c5
Be6 22. Rd6 Ra2 23. e4 Bf8 24. h4 Qxh4 25. Qxe5 Rxb2 26. Qxb2 Qxe4 27. Bb5 Bxd6
28. cxd6 Qe1+ 29. Rf1 Qe3+ 30. Rf2 Rd8 31. d7 Qg5 32. Qe2 Bxb3 33. Qd3 Be6 34.
Rd2 h5 35. Ba4 h4 36. Kh1 Qf4 37. Bb5 Qf5 38. Qe2 Kg7 39. Rd1 h3 40. g3 h2 41.
Qd3 Qxd3 42. Rxd3 Kf6 43. Kxh2 Ke7 44. Rc3 Kd6 45. Ba4 Bxd7 46. Rd3+ Ke7 47.
Re3+ Be6 48. Bb3 b5 49. Kg2 b4 50. Kf3 Rd6 51. Kf4 Kf6 52. Bxe6 Rd4+ 53. Kf3
fxe6 54. g4 Rc4 55. Re2 b3 56. Rb2 Rb4 0-1

[Event "13sen.WMH 2003 Senioren"]
[Site "Bad Zwischenahn(17.11.-29.11.2003)"]
[Date "2003.??.??"]
[Round "8.12"]
[White "Piankov, Evgenij"]
[Black "Lentze, Ingo,Dr."]
[Result "1-0"]
[WhiteElo "2299"]
[BlackElo "2072"]
[PlyCount "91"]


1. d4 Nf6 2. Nf3 g6 3. Bg5 Bg7 4. Nbd2 c5 5. e3 cxd4 6. exd4 d5 7. c3 Nc6 8.
Bd3 Qc7 9. O-O O-O 10. Re1 Bf5 11. Bxf5 gxf5 12. Qe2 e6 13. Qe3 Ng4 14. Qd3 Bf6
15. Nf1 Bxg5 16. Nxg5 Qf4 17. Nf3 Nf6 18. Re2 Kh8 19. Ne5 Nxe5 20. dxe5 Nd7 21.
Rae1 Rac8 22. Re3 Rg8 23. Qe2 Qg4 24. Rg3 Qxe2 25. Rxg8+ Kxg8 26. Rxe2 Rc4 27.
f3 Rc6 28. Kf2 Ra6 29. a3 Rc6 30. Ke1 Nb6 31. Ne3 Nd7 32. Nc2 Rb6 33. Nd4 Nc5
34. Kd1 Nd3 35. b3 Nf4 36. Re1 Kf8 37. g3 Nd3 38. Re2 Nc5 39. Kc2 a5 40. b4
axb4 41. cxb4 Nd7 42. b5 f6 43. f4 fxe5 44. fxe5 Nc5 45. Kc3 Ke7 46. a4 1-0

[Event "13sen.WMH 2003 Senioren"]
[Site "Bad Zwischenahn(17.11.-29.11.2003)"]
[Date "2003.11.29"]
[Round "8.13"]
[White "Stuerzenbaum, Arthur"]
[Black "Arkhangelsky, Boris"]
[Result "1/2-1/2"]
[WhiteElo "2186"]
[BlackElo "2269"]
[PlyCount "39"]


1. e4 c5 2. Nf3 e6 3. d4 cxd4 4. Nxd4 Nc6 5. Nc3 Qc7 6. f4 a6 7. Nxc6 bxc6 8.
Bd3 Bc5 9. Qg4 g6 10. Bd2 Rb8 11. O-O-O Bd4 12. Na4 Ne7 13. Qg5 d5 14. Bc3 f6
15. Qh6 Bxc3 16. Nxc3 Qa5 17. a3 Qb6 18. b3 Kf7 19. Rhe1 Qf2 20. Kb2 1/2-1/2

[Event "13sen.WMH 2003 Senioren"]
[Site "Bad Zwischenahn(17.11.-29.11.2003)"]
[Date "2003.??.??"]
[Round "8.14"]
[White "Zakharchenko, Arnold"]
[Black "Fahnenschmidt, Gerhard,Dr."]
[Result "1-0"]
[WhiteElo "2331"]
[BlackElo "2087"]
[PlyCount "33"]


1. c4 e5 2. Nc3 Nc6 3. g3 f5 4. Bg2 Nf6 5. d3 Bb4 6. Bd2 O-O 7. Nh3 Bxc3 8.
Bxc3 d5 9. cxd5 Nxd5 10. Qb3 Be6 11. Ng5 Qxg5 12. Bxd5 Bxd5 13. Qxd5+ Kh8 14.
O-O Rad8 15. Qc5 Rd6 16. f4 exf4 17. Rxf4 1-0

[Event "13sen.WMH 2003 Senioren"]
[Site "Bad Zwischenahn(17.11.-29.11.2003)"]
[Date "2003.??.??"]
[Round "8.15"]
[White "Rudnik, Heinz"]
[Black "Reichenbach, Werner"]
[Result "0-1"]
[WhiteElo "1996"]
[BlackElo "2294"]
[PlyCount "104"]


1. Nf3 d6 2. d4 Nf6 3. g3 g6 4. Bg2 Bg7 5. O-O O-O 6. c4 Nc6 7. Nc3 a6 8. d5
Na5 9. Qd3 c5 10. Rb1 e5 11. e4 Nd7 12. a4 Nb3 13. Be3 Nd4 14. Qd2 Nb6 15. b3
Nd7 16. Bh6 Qa5 17. Bxg7 Kxg7 18. Kh1 b5 19. axb5 Qb4 20. Qb2 axb5 21. Nxd4
cxd4 22. Nxb5 Nb6 23. f4 Bd7 24. Rbc1 Bxb5 25. cxb5 Qxb5 26. fxe5 dxe5 27. Rc7
Rac8 28. Rxc8 Nxc8 29. Rc1 Nd6 30. h3 Rb8 31. Rc6 Rb6 32. Rxb6 Qxb6 33. Qc2 Qb4
34. Qd3 Qc3 35. Bf1 Qxd3 36. Bxd3 f5 37. exf5 gxf5 38. Kg2 e4 39. Ba6 Kf6 40.
Kf2 Ke5 41. Bc4 f4 42. gxf4+ Kxf4 43. Ke2 h5 44. Ba6 Ke5 45. Bc4 h4 46. Kf2 d3
47. Ke3 Nf5+ 48. Kd2 Kd4 49. Ba6 e3+ 50. Ke1 Kc3 51. Bc8 Nd6 52. Ba6 Kc2 0-1

[Event "13sen.WMH 2003 Senioren"]
[Site "Bad Zwischenahn(17.11.-29.11.2003)"]
[Date "2003.??.??"]
[Round "8.16"]
[White "Korn, Juergen-Christof"]
[Black "Ivanets, Vladimir"]
[Result "0-1"]
[WhiteElo "1979"]
[BlackElo "2270"]
[PlyCount "78"]


1. c4 e5 2. g3 Nc6 3. Bg2 Nf6 4. Nc3 h6 5. e3 Be7 6. Nge2 O-O 7. O-O d6 8. d4
exd4 9. exd4 Bf5 10. d5 Ne5 11. b3 Qd7 12. Nd4 Bh3 13. Re1 Bxg2 14. Kxg2 Rfe8
15. h3 c6 16. Bf4 Ng6 17. Qf3 cxd5 18. cxd5 Rac8 19. Re3 Nxf4+ 20. gxf4 Bf8 21.
Nce2 Rc5 22. Rd1 Nxd5 23. Rxe8 Qxe8 24. b4 Nxb4 25. Qxb7 Nc6 26. Rd3 Nxd4 27.
Nxd4 Qa4 28. f5 Qxa2 29. Nc6 Qc4 30. Nd8 Rxf5 31. Ra3 Qh4 32. Qxa7 Qxd8 33. Rb3
Qg5+ 34. Rg3 Qd2 35. h4 Qf4 36. f3 Qxh4 37. Qd7 Rg5 38. Rg4 Rxg4+ 39. fxg4 h5
0-1

[Event "13sen.WMH 2003 Senioren"]
[Site "Bad Zwischenahn(17.11.-29.11.2003)"]
[Date "2003.??.??"]
[Round "8.17"]
[White "Hoeschele, Hans-Ulrich"]
[Black "Zoltek, Tadeuz"]
[Result "0-1"]
[WhiteElo "2080"]
[BlackElo "2294"]
[PlyCount "69"]


1. Nf3 d5 2. b3 Bf5 3. Bb2 e6 4. e3 Nd7 5. d4 Ngf6 6. Bd3 Ne4 7. Qe2 Bb4+ 8. c3
Bd6 9. Nbd2 Nxd2 10. Nxd2 Bxd3 11. Qxd3 f5 12. a4 Qe7 13. c4 c6 14. c5 Bc7 15.
b4 O-O 16. g3 e5 17. dxe5 Bxe5 18. Bxe5 Nxe5 19. Qe2 a5 20. O-O axb4 21. Rfc1
Nd7 22. Nb3 f4 23. Qd2 fxe3 24. fxe3 Rae8 25. Re1 Ne5 26. Nd4 Qxc5 27. Kh1 Nf3
28. Rec1 Nxd2 29. Rxc5 Rxe3 30. a5 b3 31. a6 b2 32. Rd1 bxa6 33. Rxc6 b1=Q 34.
Rxb1 Nxb1 35. Rxa6 0-1

[Event "13sen.WMH 2003 Senioren"]
[Site "Bad Zwischenahn(17.11.-29.11.2003)"]
[Date "2003.??.??"]
[Round "8.18"]
[White "Ljubarskij, Jurij"]
[Black "Niebling, Ferdinand"]
[Result "1/2-1/2"]
[WhiteElo "2212"]
[BlackElo "2068"]
[PlyCount "100"]


1. e4 e6 2. d4 d5 3. e5 c5 4. c3 Nc6 5. Nf3 Bd7 6. Be2 Qb6 7. O-O cxd4 8. cxd4
Nge7 9. Na3 Nf5 10. Nc2 Na5 11. Ne3 Nxe3 12. fxe3 Be7 13. Qe1 Bb5 14. e4 Bxe2
15. Qxe2 O-O 16. exd5 exd5 17. Be3 Rac8 18. Rad1 a6 19. Bg5 Bxg5 20. Nxg5 Qg6
21. Nh3 Rc2 22. Rd2 Rxd2 23. Qxd2 Nc6 24. Re1 Qg4 25. Nf4 Re8 26. h3 Qh4 27.
Rc1 h6 28. Kh2 Rd8 29. g3 Qe7 30. a3 Rd7 31. b4 Qg5 32. Rc5 Qf5 33. Rc3 Qe4 34.
Ne2 Re7 35. Re3 Qf5 36. Nf4 Rd7 37. Kg2 Nd8 38. Qc3 Kh7 39. Qc8 Ne6 40. Nxe6
Qxe6 41. Rf3 Qe7 42. Qc5 Qg5 43. Rf4 Qd8 44. Qc2+ Kg8 45. Qf5 Rc7 46. e6 Qe7
47. exf7+ Qxf7 48. Qxf7+ Rxf7 49. Rf3 g5 50. Rxf7 Kxf7 1/2-1/2

[Event "13sen.WMH 2003 Senioren"]
[Site "Bad Zwischenahn(17.11.-29.11.2003)"]
[Date "2003.11.29"]
[Round "8.19"]
[White "Potthammel, Joerg"]
[Black "Semasev, Kim"]
[Result "1/2-1/2"]
[WhiteElo "1972"]
[BlackElo "2269"]
[PlyCount "46"]


1. e4 d6 2. d4 Nf6 3. Nc3 g6 4. f3 Bg7 5. Be3 c6 6. Bd3 b5 7. Qd2 b4 8. Nd1 a5
9. Ne2 Ba6 10. Nf2 Qc7 11. O-O O-O 12. a3 c5 13. Bxa6 Nxa6 14. c3 b3 15. d5 c4
16. Bh6 Nc5 17. Bxg7 Kxg7 18. Rfd1 Na4 19. Nd4 Qc5 20. Kh1 Rfe8 21. Ng4 Ng8 22.
f4 e6 23. f5 exf5 1/2-1/2

[Event "13sen.WMH 2003 Senioren"]
[Site "Bad Zwischenahn(17.11.-29.11.2003)"]
[Date "2003.??.??"]
[Round "8.21"]
[White "Goy, Udo"]
[Black "Oelert, Ralf"]
[Result "1/2-1/2"]
[WhiteElo "2180"]
[BlackElo "1944"]
[PlyCount "44"]


1. d4 Nf6 2. Nf3 e6 3. g3 d5 4. Bg2 Bd6 5. O-O O-O 6. c4 c6 7. Qc2 Nbd7 8. Nbd2
b6 9. b3 Bb7 10. Bb2 Rc8 11. e4 dxe4 12. Nxe4 Nxe4 13. Qxe4 Be7 14. Rfe1 Bf6
15. Rad1 Qc7 16. Qe2 c5 17. dxc5 bxc5 18. Bc1 Rfd8 19. Ng5 Bxg2 20. Kxg2 Bd4
21. Qc2 e5 22. f3 Nf8 1/2-1/2

[Event "13sen.WMH 2003 Senioren"]
[Site "Bad Zwischenahn(17.11.-29.11.2003)"]
[Date "2003.??.??"]
[Round "8.26"]
[White "Ballon, Guenther Jan"]
[Black "Kristiansen, Erling"]
[Result "1-0"]
[WhiteElo "2156"]
[BlackElo "2211"]
[PlyCount "52"]


1. d4 Nf6 2. c4 g6 3. Nc3 d5 4. Bf4 Bg7 5. e3 O-O 6. cxd5 Nxd5 7. Nxd5 Qxd5 8.
Bxc7 Nc6 9. Ne2 Bg4 10. f3 Rac8 11. Nc3 Qe6 12. Bf4 Bxd4 13. fxg4 Bxe3 14. Bxe3
Qxe3+ 15. Qe2 Qh6 16. Qd2 Qh4+ 17. Qf2 Qxg4 18. Be2 Qb4 19. Rb1 e5 20. O-O f5
21. a3 Qa5 22. Bc4+ Kg7 23. Rbd1 Rcd8 24. Nd5 a6 25. Qe2 Rfe8 26. Nc7 Rxd1 1-0